000 00342nam a2200145Ia 4500
008 150201s2013 xx 000 0 und d
082 _a610.73
_bF13P
100 _aPOTTER, PATRICIA A.
245 _aFUNDAMENTALS OF NURSING
250 _a1ST
260 _bELSEVIER
_aINDIA
_c2013
300 _a1337
650 _aNURSING
942 _2ddc
_cBK
_050
999 _c2197
_d2197